| 000 | 02122cam a22004217a 4500 | ||
|---|---|---|---|
| 001 | 4222 | ||
| 003 | FISKH | ||
| 005 | 20240705101736.0 | ||
| 008 | 140205s2013 nyua j 000 1 eng d | ||
| 010 | _a 2013404159 | ||
| 020 | _a054537765X | ||
| 020 | _a9780545377652 | ||
| 020 | _a1480605204 (Paw Prints) | ||
| 020 | _a9781480605206 (Paw Prints) | ||
| 035 | _a(OCoLC)ocn814707176 | ||
| 040 |
_aYDXCP _beng _cYDXCP _dBTCTA _dOCLCQ _dBDX _dM$K _dCXP _dIUK _dUOK _dAU@ _dOCLCO _dOCLCQ _dDAD _dAUMCS _dOCLCF _dDLC |
||
| 050 | _aPZ7.B447547 | ||
| 082 | _a813.6 | ||
| 100 | 1 | _aBenton, Jim. | |
| 245 | 1 | 0 |
_aWhat I don't know might hurt me / _cby Jamie Kelly. |
| 246 | 3 | _aWhat I do not know might hurt me | |
| 260 |
_aNew York : _bScholastic, _c2013. |
||
| 300 |
_a123 pages ; _billustrations ; _c20 cm |
||
| 490 | 0 |
_aDear dumb diary, year two ; _vBook 4 |
|
| 500 | _a"Jim Benton's tales from Mackerel Middle School." | ||
| 520 | _aBefore school, Isabella had me fix her hair in the girls' bathroom. Her hair really is quite beautiful. It's black and thick and glossy, like the majestic hair on a lion if that was black. She had a test later, and she had written the answers on a slice of baloney in the sandwich she brought for lunch. If the teacher saw her, she could just eat the sandwich and destroy the evidence. But she wasn't thinking, and accidentally ate her lunch while I was doing her hair. Beauty can really make you hungry. While she was wiping the ink off her lips, I explained why cheating is wrong. We have a test in math next week, and I encouraged her to pack a lunch you can't write on. If she brings peanut butter and jelly, I'll know I got through to her. | ||
| 600 | 1 | 0 |
_aKelly, Jamie _vJuvenile fiction. |
| 650 | 0 |
_aSchools _vJuvenile fiction. |
|
| 650 | 0 |
_aInterpersonal relations _vFiction. |
|
| 650 | 7 |
_aInterpersonal relations. _2fast |
|
| 650 | 7 |
_aKelly, Jamie (Fictitious character) _2fast |
|
| 650 | 7 |
_aSchools. _2fast |
|
| 655 | 7 |
_aFiction. _2fast |
|
| 655 | 7 |
_aJuvenile works. _2fast |
|
| 906 |
_a7 _bcbc _ccopycat _d2 _encip _f20 _gy-gencatlg |
||
| 942 |
_2ddc _cBK _n0 |
||
| 999 |
_c4222 _d4222 |
||